[Event "XXXI Moglianoscacchi B"]
[Site "Mogliano Veneto ITA"]
[Date "2010.05.02"]
[Round "4"]
[White "Pozzobon, Davide"]
[Black "Franciosi, Claudio"]
[Result "1-0"]
[WhiteElo "1770"]
[BlackElo "1697"]
[PlyCount "39"]
[EventDate "2010.04.30"]

1. e4 e5 2. Nf3 Nc6 3. d4 exd4 4. Bc4 d6 5. Nxd4 Nxd4 6. Qxd4 Qf6 7. Qd3 Be6 8.
O-O O-O-O 9. Nc3 Ne7 10. Be3 Bxc4 11. Qxc4 Nc6 12. Nd5 Qe6 13. Bxa7 Rd7 14. Qa4
Kd8 15. Bb6 Ke8 16. Qa8+ Rd8 17. Nxc7+ Ke7 18. Nd5+ Kd7 19. Qxb7+ Ke8 20. Nc7+
1-0

[Event "XXXI Moglianoscacchi B"]
[Site "Mogliano Veneto ITA"]
[Date "2010.05.02"]
[Round "4"]
[White "Reginato, Mauro"]
[Black "Coppo, Gianni"]
[Result "0-1"]
[WhiteElo "1904"]
[BlackElo "1698"]
[PlyCount "82"]
[EventDate "2010.04.30"]

1. e4 c5 2. Nf3 d6 3. d4 cxd4 4. Nxd4 Nf6 5. Nc3 Nc6 6. Be2 e6 7. O-O Be7 8.
Be3 O-O 9. Qd2 a6 10. a4 Qc7 11. Nxc6 bxc6 12. b4 d5 13. Rfb1 Rd8 14. exd5 cxd5
15. Bg5 Bb7 16. b5 d4 17. bxa6 Bxa6 18. Nb5 Bxb5 19. Bxb5 h6 20. Bxf6 Bxf6 21.
Qd3 Qa5 22. Ra3 Rac8 23. Rab3 g6 24. Qf3 Kg7 25. Bd3 Qxa4 26. Rb7 Rxc2 27. Bxg6
Kxg6 28. Qg4+ Bg5 29. Qe4+ Kg7 30. Rxf7+ Kxf7 31. Rb7+ Kf6 32. Qf3+ Ke5 33.
Qg3+ Bf4 34. Qg7+ Kd5 35. g3 Be5 36. Qf7 Qc6 37. Qf3+ Kd6 38. Qa3+ Rc5 39. Ra7
Rb8 40. f4 Bf6 41. g4 Qb5 0-1

[Event "XXXI Moglianoscacchi B"]
[Site "Mogliano Veneto ITA"]
[Date "2010.05.02"]
[Round "4"]
[White "Rosina, Graziano"]
[Black "Basso, Pier Luigi"]
[Result "1-0"]
[WhiteElo "1873"]
[BlackElo "1684"]
[PlyCount "65"]
[EventDate "2010.04.30"]

1. Nf3 c5 2. c4 Nc6 3. Nc3 Nf6 4. d4 cxd4 5. Nxd4 Qc7 6. Ndb5 Qd8 7. Bg5 a6 8.
Nd4 Qb6 9. Nb3 e6 10. e4 Bb4 11. Bxf6 gxf6 12. Rc1 Qc7 13. a3 Bf8 14. Nd4 Bh6
15. Rc2 b6 16. Nxc6 Qxc6 17. Qd4 Qc7 18. g3 Bb7 19. Bg2 Qc5 20. Qd3 f5 21. O-O
fxe4 22. Nxe4 Qc6 23. f4 f5 24. Nc3 Qc5+ 25. Kh1 Bxg2+ 26. Kxg2 Rc8 27. Re1
Qc6+ 28. Kh3 Kf7 29. Rd2 Rc7 30. Qd6 Qb7 31. Nd5 exd5 32. Re7+ Kg8 33. Qxh6 1-0

[Event "XXXI Moglianoscacchi B"]
[Site "Mogliano Veneto ITA"]
[Date "2010.05.02"]
[Round "4"]
[White "Scian, Nicola"]
[Black "Losso, Agostino"]
[Result "1-0"]
[WhiteElo "1689"]
[BlackElo "1794"]
[PlyCount "43"]
[EventDate "2010.04.30"]

1. e4 d5 2. exd5 Nf6 3. d4 Nxd5 4. c4 Nb6 5. Nc3 e5 6. dxe5 Qxd1+ 7. Nxd1 Nc6
8. f4 Bf5 9. Ne3 Bb4+ 10. Bd2 Bxd2+ 11. Kxd2 O-O-O+ 12. Ke1 Be4 13. Nh3 f6 14.
Nf2 fxe5 15. Nxe4 exf4 16. Nd1 Rhe8 17. Ndc3 Nxc4 18. Bxc4 Rd4 19. Be2 Rdxe4
20. Nxe4 Rxe4 21. Kf2 Nd4 22. Bg4+ 1-0

[Event "XXXI Moglianoscacchi B"]
[Site "Mogliano Veneto ITA"]
[Date "2010.05.02"]
[Round "4"]
[White "Sorbera, Enrico"]
[Black "Bortolotto, Denzio"]
[Result "1-0"]
[WhiteElo "1780"]
[BlackElo "1725"]
[PlyCount "145"]
[EventDate "2010.04.30"]

1. d4 d5 2. c4 c6 3. e3 Nf6 4. Nd2 Nbd7 5. Ngf3 e6 6. Bd3 Bd6 7. cxd5 cxd5 8.
O-O O-O 9. b3 e5 10. dxe5 Nxe5 11. Nxe5 Bxe5 12. Rb1 Qc7 13. h3 Be6 14. Nf3 Bd6
15. Bb2 Be7 16. Nd4 Bd7 17. Qf3 a6 18. Rfc1 Qd8 19. Bf5 g6 20. Bxd7 Qxd7 21.
Qf4 Rac8 22. Nf3 Nh5 23. Qh6 Bf6 24. Ng5 Bxg5 25. Qxg5 Qe6 26. Qe5 Qxe5 27.
Bxe5 Rfe8 28. Rxc8 Rxc8 29. Rd1 Rd8 30. e4 f6 31. Bb2 Nf4 32. Bxf6 Rd7 33. Be5
Ne2+ 34. Kf1 Re7 35. Rxd5 Nc1 36. f4 Nxa2 37. Rd4 Kf7 38. Rc4 Rd7 39. Ke2 b5
40. Rc6 Nb4 41. Rd6 Rxd6 42. Bxd6 Nc6 43. Kd3 Ke6 44. Bc5 Na5 45. Kc3 Nc6 46.
b4 h6 47. Bf8 h5 48. g4 Nd8 49. gxh5 gxh5 50. Kd4 Nb7 51. f5+ Kf7 52. Bh6 Kf6
53. Bf4 a5 54. bxa5 Nxa5 55. Kc5 Nb3+ 56. Kd5 Na5 57. h4 b4 58. Bc7 Nb7 59. Bf4
b3 60. Be5+ Kf7 61. Bc3 Ke7 62. e5 Nd8 63. Kc4 Nb7 64. Kxb3 Nc5+ 65. Kc4 Ne4
66. Bd4 Ng3 67. Bc5+ Kf7 68. e6+ Kf6 69. e7 Kf7 70. f6 Nf5 71. Kd5 Nxh4 72. Kd6
Nf5+ 73. Kd7 1-0

[Event "XXXI Moglianoscacchi B"]
[Site "Mogliano Veneto ITA"]
[Date "2010.05.02"]
[Round "4"]
[White "Spano, Alfredo"]
[Black "Niespoli, Carlo"]
[Result "1-0"]
[WhiteElo "1887"]
[BlackElo "1615"]
[PlyCount "63"]
[EventDate "2010.04.30"]

1. e4 e5 2. Nc3 Nf6 3. g3 d5 4. exd5 Nxd5 5. Bg2 Be6 6. Qf3 c6 7. Bh3 Bxh3 8.
Nxh3 Nxc3 9. Qxc3 Qd5 10. O-O Nd7 11. d3 f6 12. Be3 Bd6 13. f4 O-O 14. Qb3 Nb6
15. c4 Qe6 16. f5 Qf7 17. Bxb6 axb6 18. Qxb6 Ra6 19. Qe3 Qe7 20. Kg2 Bc5 21.
Qe2 Qd6 22. Nf2 Bd4 23. Ne4 Qb4 24. a3 Qxb2 25. Qxb2 Bxb2 26. Rab1 Bd4 27. Rxb7
Rxa3 28. Rc7 c5 29. Rb1 Ra2+ 30. Kh3 Rd8 31. Rbb7 Bg1 32. Rxg7+ 1-0

[Event "XXXI Moglianoscacchi B"]
[Site "Mogliano Veneto ITA"]
[Date "2010.05.02"]
[Round "4"]
[White "Velluti, Alberto"]
[Black "Ballarin, Gabriele"]
[Result "1-0"]
[WhiteElo "1932"]
[BlackElo "1794"]
[PlyCount "61"]
[EventDate "2010.04.30"]

1. e4 d6 2. d4 Nf6 3. Nc3 e5 4. dxe5 dxe5 5. Qxd8+ Kxd8 6. Bc4 Ke8 7. Bg5 c6 8.
O-O-O b5 9. Bxf6 gxf6 10. Nxb5 Bh6+ 11. Kb1 Be6 12. Bxe6 fxe6 13. Nc7+ Ke7 14.
Nxa8 Na6 15. Ne2 Rxa8 16. Rd3 Nc5 17. Rh3 Bg7 18. Rxh7 Kf7 19. Rd1 Kg6 20. Rh4
Bh6 21. Nc3 Bg5 22. Rg4 Kf7 23. Rd6 Rc8 24. b4 Rb8 25. a3 Rb6 26. h4 Bh6 27.
Ka2 Na6 28. Rd7+ Ke8 29. Rxa7 Bf8 30. Na4 Nxb4+ 31. axb4 1-0

[Event "XXXI Moglianoscacchi B"]
[Site "Mogliano Veneto ITA"]
[Date "2010.05.02"]
[Round "4"]
[White "Viviani, Bruno"]
[Black "Gigovski, Gjoko"]
[Result "0-1"]
[WhiteElo "1698"]
[BlackElo "1902"]
[PlyCount "77"]
[EventDate "2010.04.30"]

1. d4 d5 2. Nc3 Nf6 3. Bg5 Bf5 4. Bxf6 gxf6 5. e3 c6 6. Bd3 Bg6 7. Nf3 Nd7 8.
Nh4 Qc7 9. Nxg6 hxg6 10. Qf3 Rxh2 11. Rxh2 Qxh2 12. O-O-O Qc7 13. e4 dxe4 14.
Nxe4 f5 15. Nd2 Bh6 16. g3 Nf6 17. Bc4 Ne4 18. Qh1 Bxd2+ 19. Rxd2 Nxd2 20. Kxd2
O-O-O 21. c3 e5 22. d5 e4 23. Ke3 cxd5 24. Bb3 Qc5+ 25. Ke2 Qb5+ 26. Ke3 Qd3+
27. Kf4 f6 28. Qd1 Qxd1 29. Bxd1 Kd7 30. f3 Ke6 31. Bb3 g5+ 32. Ke3 exf3 33.
Kxf3 Ke5 34. Bc2 g4+ 35. Ke3 d4+ 36. cxd4+ Rxd4 37. b3 f4+ 38. gxf4+ Rxf4 39.
Bd1 0-1

[Event "XXXI Moglianoscacchi B"]
[Site "Mogliano Veneto ITA"]
[Date "2010.05.02"]
[Round "4"]
[White "Zamengo, Bruno"]
[Black "Boraso, Alessio"]
[Result "0-1"]
[WhiteElo "1848"]
[BlackElo "1859"]
[PlyCount "54"]
[EventDate "2010.04.30"]

1. e4 c5 2. Nf3 Nc6 3. d4 cxd4 4. Nxd4 e5 5. Nb3 Nf6 6. Bg5 h6 7. Bxf6 Qxf6 8.
Bc4 Qg6 9. Qf3 Bb4+ 10. c3 Be7 11. O-O O-O 12. N1d2 d6 13. Qe2 Bg5 14. Rfe1 Bf4
15. Nf1 Kh8 16. Rad1 f5 17. Bd3 Ne7 18. Nbd2 d5 19. f3 Qb6+ 20. Kh1 fxe4 21.
fxe4 Qxb2 22. exd5 Nxd5 23. Qe4 Nf6 24. Qc4 Ng4 25. Re2 Qb6 26. Ne4 Be3 27. Rb1
Qxb1 0-1

[Event "XXXI Moglianoscacchi B"]
[Site "Mogliano Veneto ITA"]
[Date "2010.05.02"]
[Round "4"]
[White "Zangrando, Gianpietro"]
[Black "De Bortoli, Thomas"]
[Result "0-1"]
[WhiteElo "1822"]
[BlackElo "1823"]
[PlyCount "62"]
[EventDate "2010.04.30"]

1. c4 e5 2. Nc3 Nc6 3. g3 g6 4. Bg2 Bg7 5. e3 f5 6. Nge2 Nb4 7. d3 Nf6 8. a3
Nc6 9. O-O Ne7 10. d4 exd4 11. exd4 O-O 12. Nf4 Nc6 13. d5 Ne5 14. d6 c6 15.
Rb1 Kh8 16. c5 b6 17. Re1 Nf7 18. Nb5 bxc5 19. Be3 Ne4 20. Bxe4 fxe4 21. Nc3
Ng5 22. Kg2 Nf3 23. Rh1 Qe8 24. h4 Ne5 25. Bxc5 Bh6 26. Re1 Bxf4 27. Rxe4 Bh6
28. Bd4 Bg7 29. Qe2 c5 30. Rxe5 Bxe5 31. Bxe5+ 31... Kg8 {...} 0-1

[Event "XXXI Moglianoscacchi B"]
[Site "Mogliano Veneto ITA"]
[Date "2010.05.02"]
[Round "4"]
[White "Zanirato, Stefano"]
[Black "Fracasso Pezzolato, Michele"]
[Result "1-0"]
[WhiteElo "1905"]
[BlackElo "1779"]
[PlyCount "101"]
[EventDate "2010.04.30"]

1. e4 c5 2. Nf3 d6 3. Bb5+ Bd7 4. Bxd7+ Qxd7 5. O-O Nc6 6. c3 Nf6 7. Re1 e6 8.
d4 cxd4 9. cxd4 Be7 10. Nc3 O-O 11. Bg5 Rac8 12. Qa4 a6 13. d5 Ne5 14. Qxd7
Nexd7 15. Rad1 e5 16. Nh4 g6 17. Rd3 Rfe8 18. Rf3 Nh5 19. Bxe7 Rxe7 20. g3 Nb6
21. Ng2 Nc4 22. Re2 b5 23. g4 Ng7 24. Nd1 Rec7 25. Nge3 Ne8 26. Nxc4 Rxc4 27.
Rc3 Nf6 28. f3 b4 29. Rxc4 Rxc4 30. Kf2 g5 31. Ke3 Kf8 32. Kd3 Rd4+ 33. Kc2 Nd7
34. Ne3 Nc5 35. b3 Rd3 36. Nf5 Rxf3 37. Nxd6 Rf4 38. h3 Rf3 39. Rh2 Rf4 40. h4
Rxg4 41. hxg5 Kg8 42. Rf2 Nxe4 43. Nxe4 Rxe4 44. Rd2 Kf8 45. d6 Rd4 46. Rxd4
exd4 47. Kd3 Ke8 48. Kxd4 Kd7 49. Kd5 a5 50. Ke5 f5 51. gxf6 1-0

[Event "XXXI Moglianoscacchi B"]
[Site "Mogliano Veneto ITA"]
[Date "2010.05.02"]
[Round "4"]
[White "Zordan, Antonio"]
[Black "Gioga, Michele"]
[Result "1/2-1/2"]
[WhiteElo "1777"]
[BlackElo "1676"]
[PlyCount "58"]
[EventDate "2010.04.30"]

1. e4 d5 2. exd5 Qxd5 3. Nc3 Qe5+ 4. Qe2 Qxe2+ 5. Bxe2 Nf6 6. Nf3 Bf5 7. d3 c6
8. O-O e6 9. Nh4 Bg4 10. f3 Bc5+ 11. Kh1 Bh5 12. g4 Bg6 13. Nxg6 hxg6 14. Kg2
Nbd7 15. Ne4 Bb6 16. c3 Bc7 17. f4 Nxe4 18. dxe4 Nc5 19. e5 g5 20. fxg5 Bxe5
21. Bf4 Nd7 22. Rad1 Bxf4 23. Rxf4 Ke7 24. Bc4 Nb6 25. Bb3 Nd5 26. Re4 Rad8 27.
Rde1 g6 28. Kg3 Nc7 29. R1e2 Rd3+ 1/2-1/2

[Event "XXXI Moglianoscacchi B"]
[Site "Mogliano Veneto ITA"]
[Date "2010.05.02"]
[Round "5"]
[White "Aprile, Martino"]
[Black "Niespoli, Carlo"]
[Result "1-0"]
[WhiteElo "1841"]
[BlackElo "1615"]
[PlyCount "112"]
[EventDate "2010.04.30"]

1. e4 e5 2. Nf3 Nc6 3. Bb5 Nf6 4. O-O Nxe4 5. Re1 Nd6 6. Bxc6 dxc6 7. Nxe5 Be6
8. d4 Be7 9. Nc3 O-O 10. Bf4 Nf5 11. Ne2 f6 12. Nf3 Bd5 13. Nc3 Bf7 14. Qd2 g5
15. Bg3 h5 16. h3 Nxg3 17. fxg3 Bb4 18. a3 Bxc3 19. Qxc3 Qd6 20. Nd2 Bg6 21.
Ne4 Qd5 22. Nf2 Rae8 23. Rad1 Rxe1+ 24. Rxe1 Re8 25. Rxe8+ Bxe8 26. Qe3 Bg6 27.
c3 Kf7 28. Nd3 b6 29. Nb4 Qe4 30. Qxe4 Bxe4 31. Na6 Ke7 32. Nxc7 Bd3 33. d5 Kd7
34. d6 Kxd6 35. Ne8+ Ke7 36. Ng7 Bg6 37. g4 Kf8 38. Nxh5 Bxh5 39. gxh5 Kg7 40.
g4 Kh6 41. Kf2 f5 42. gxf5 Kxh5 43. Kg3 a6 44. c4 b5 45. cxb5 axb5 46. b4 Kh6
47. Kg4 Kg7 48. h4 gxh4 49. Kxh4 Kf7 50. Kg5 Kg8 51. Kg6 Kf8 52. f6 Kg8 53. Kf5
Kf7 54. Ke5 Kf8 55. Kd6 Kf7 56. Kxc6 Kxf6 1-0

[Event "XXXI Moglianoscacchi B"]
[Site "Mogliano Veneto ITA"]
[Date "2010.05.02"]
[Round "5"]
[White "Ballarin, Gabriele"]
[Black "Reginato, Mauro"]
[Result "0-1"]
[WhiteElo "1794"]
[BlackElo "1904"]
[PlyCount "158"]
[EventDate "2010.04.30"]

1. e4 e5 2. Nc3 Nc6 3. Bc4 Bc5 4. Qg4 g6 5. Qg3 Nf6 6. d3 Nh5 7. Qf3 Qf6 8. Nd5
Qxf3 9. Nxf3 Bb6 10. Nxb6 axb6 11. a3 f6 12. Be3 Nb4 13. Kd2 Na6 14. c3 d6 15.
d4 Ke7 16. Ne1 Be6 17. Be2 Ng7 18. Nd3 Nb8 19. Rhb1 Nd7 20. f3 f5 21. Rf1 f4
22. Bg1 g5 23. Kc2 g4 24. Nf2 g3 25. hxg3 fxg3 26. Nd3 Nh5 27. Be3 Bc4 28. Rh1
Bxd3+ 29. Bxd3 Nf4 30. Bxf4 exf4 31. Rh6 Kf7 32. Rah1 Kg7 33. Bc4 Nf6 34. R6h4
d5 35. exd5 b5 36. Bb3 Rae8 37. Kd2 Re3 38. Re1 Rxe1 39. Kxe1 h5 40. d6 cxd6
41. Kd2 Kh6 42. Rh1 Kg5 43. Be6 Re8 44. Re1 h4 45. Bh3 Rxe1 46. Kxe1 Nd5 47.
Kd2 Ne3 48. b3 d5 49. Ke2 Kf6 50. Kd2 Ke7 51. Kc1 Kd6 52. Kd2 Kc6 53. Kc1 Kd6
54. Kd2 Ke7 55. Kc1 Kf6 56. Kd2 Nf5 57. Kd3 Nd6 58. Ke2 Nf7 59. Kf1 Nd6 60. Bg4
Nf5 61. Ke2 Ne3 62. Bh3 Nc2 63. a4 bxa4 64. bxa4 Ne3 65. Kd2 Ke7 66. Ke1 Kd6
67. Kd2 Kc7 68. Kc1 Kb6 69. Kd2 Ka5 70. Kc1 Kxa4 71. Bd7+ Kb3 72. Bh3 Kxc3 73.
Kb1 b5 74. Kc1 b4 75. Kb1 b3 76. Kc1 Nc4 77. Bf5 b2+ 78. Kd1 Ne3+ 79. Ke2 Nxf5
0-1

[Event "XXXI Moglianoscacchi B"]
[Site "Mogliano Veneto ITA"]
[Date "2010.05.02"]
[Round "5"]
[White "Ballarin, Pietro"]
[Black "Spano, Alfredo"]
[Result "0-1"]
[WhiteElo "1634"]
[BlackElo "1887"]
[PlyCount "52"]
[EventDate "2010.04.30"]

1. e4 c5 2. Nf3 d6 3. d4 cxd4 4. Nxd4 Nf6 5. Nc3 g6 6. Be3 Bg7 7. f3 O-O 8. Qd2
Nc6 9. O-O-O d5 10. Nxc6 bxc6 11. exd5 cxd5 12. Nxd5 Nxd5 13. Qxd5 Qc7 14. Qc5
Qb7 15. Bd4 Bf5 16. Qb5 Qc7 17. Qc5 Bh6+ 18. Kb1 Qxc5 19. Bxc5 Rfc8 20. b4 Rxc5
21. Bd3 Bxd3 22. Rxd3 Rc4 23. a3 Rac8 24. Re1 Rxc2 25. Rxe7 Rxg2 26. Rdd7 Rc1#
0-1

[Event "XXXI Moglianoscacchi B"]
[Site "Mogliano Veneto ITA"]
[Date "2010.05.02"]
[Round "5"]
[White "Basso, Pier Luigi"]
[Black "Chiesa, Roberto"]
[Result "0-1"]
[WhiteElo "1684"]
[BlackElo "1803"]
[PlyCount "68"]
[EventDate "2010.04.30"]

1. e4 e6 2. d4 d5 3. Nc3 Bb4 4. e5 c5 5. a3 Ba5 6. Nge2 cxd4 7. Qxd4 Ne7 8. b4
Bc7 9. Nb5 Nbc6 10. Nxc7+ Qxc7 11. Qc3 Qxe5 12. Qxe5 Nxe5 13. Bb2 f6 14. Bxe5
fxe5 15. g3 Bd7 16. Bh3 Rc8 17. Kd2 Rf8 18. Rhf1 Nf5 19. Rae1 Nd6 20. f4 Nc4+
21. Kd3 e4+ 22. Kc3 Ne3+ 23. Kd2 Nxf1+ 24. Rxf1 Ke7 25. Nd4 Rc4 26. c3 g6 27.
Rc1 e5 28. Bxd7 exd4 29. Bb5 Rxc3 30. Rxc3 dxc3+ 31. Kxc3 Kd6 32. Kd4 Rc8 33.
Ba4 Rc4+ 34. Ke3 Rc3+ 0-1

[Event "XXXI Moglianoscacchi B"]
[Site "Mogliano Veneto ITA"]
[Date "2010.05.02"]
[Round "5"]
[White "Boraso, Alessio"]
[Black "Franco, Alessandro P."]
[Result "1/2-1/2"]
[WhiteElo "1859"]
[BlackElo "1823"]
[PlyCount "32"]
[EventDate "2010.04.30"]

1. d4 Nf6 2. c4 e6 3. Nc3 Bb4 4. e3 c5 5. a3 Bxc3+ 6. bxc3 Nc6 7. Bd3 b6 8. Nf3
Bb7 9. O-O Qc7 10. Qe2 Ng4 11. g3 h5 12. e4 O-O-O 13. d5 Nce5 14. Nxe5 Nxe5 15.
a4 Rdg8 16. h4 f6 1/2-1/2

[Event "XXXI Moglianoscacchi B"]
[Site "Mogliano Veneto ITA"]
[Date "2010.05.02"]
[Round "5"]
[White "Bortolotto, Denzio"]
[Black "Baybusinov, Izat"]
[Result "0-1"]
[WhiteElo "1725"]
[BlackElo "1777"]
[PlyCount "134"]
[EventDate "2010.04.30"]

1. d4 e6 2. c4 Nf6 3. Nc3 Bb4 4. Qc2 c5 5. a3 cxd4 6. axb4 dxc3 7. bxc3 b6 8.
Bg5 d6 9. Qa4+ Bd7 10. Qc2 h6 11. Bh4 Nc6 12. Nf3 e5 13. Bxf6 Qxf6 14. Qe4 O-O
15. e3 Ne7 16. Qb7 Bc6 17. Qa6 Bxf3 18. gxf3 e4 19. Rc1 exf3 20. Rg1 Qe5 21.
Rg3 Qe4 22. Bh3 d5 23. Bg4 Qxc4 24. Qxc4 dxc4 25. Bxf3 Rad8 26. Rg4 b5 27. Re4
Ng6 28. Be2 Rd6 29. h4 Rfd8 30. h5 Nf8 31. Rd4 Ne6 32. Re4 g6 33. hxg6 fxg6 34.
Re5 a6 35. f4 Kf7 36. Kf2 Kf6 37. Bg4 g5 38. Rf5+ Kg6 39. Re5 Ng7 40. fxg5 hxg5
41. Bf3 Rd2+ 42. Ke1 R2d3 43. Kf2 Rf8 44. Ke2 Nf5 45. Bg2 Ng3+ 46. Ke1 Kf6 47.
Rc5 Ke7 48. e4 Re3+ 49. Kd1 Rd8+ 50. Rd5 Rxd5+ 51. exd5 Kd6 52. Ra1 Ne4 53.
Rxa6+ Kxd5 54. Ra8 Kd6 55. Rg8 Nxc3+ 56. Kc1 Rg3 57. Rg6+ Ke5 58. Bc6 Kf5 59.
Rg8 Na2+ 60. Kd1 Nxb4 61. Bxb5 c3 62. Rc8 c2+ 63. Kc1 Rg1+ 64. Kb2 Rb1+ 65. Ka3
c1=Q+ 66. Rxc1 Rxc1 67. Kxb4 Kf4 0-1

[Event "XXXI Moglianoscacchi B"]
[Site "Mogliano Veneto ITA"]
[Date "2010.05.02"]
[Round "5"]
[White "Bozzao, Francesco"]
[Black "Zangrando, Gianpietro"]
[Result "1-0"]
[WhiteElo "1892"]
[BlackElo "1822"]
[PlyCount "61"]
[EventDate "2010.04.30"]

1. e4 e6 2. d4 d5 3. Nd2 b6 4. Bd3 Ba6 5. Bxa6 Nxa6 6. c3 Qd7 7. exd5 exd5 8.
Qe2+ Qe7 9. Ndf3 Qxe2+ 10. Nxe2 f6 11. Bf4 g5 12. Bg3 h5 13. h4 g4 14. Nd2
O-O-O 15. O-O-O Bh6 16. Kc2 Ne7 17. Bf4 Ng6 18. Bxh6 Rxh6 19. Ng3 Nf4 20. Nf5
Rh7 21. g3 Nh3 22. Rh2 Re8 23. f3 Nb8 24. fxg4 hxg4 25. Nf1 Re4 26. N1e3 Ng5
27. Nxd5 Nf3 28. Nxf6 Rf7 29. Nxe4 Nxh2 30. Nfd6+ cxd6 31. Nxd6+ 1-0

[Event "XXXI Moglianoscacchi B"]
[Site "Mogliano Veneto ITA"]
[Date "2010.05.02"]
[Round "5"]
[White "Campagnola, Giacomo"]
[Black "Franceschini, Corrado"]
[Result "0-1"]
[WhiteElo "1868"]
[BlackElo "1817"]
[PlyCount "70"]
[EventDate "2010.04.30"]

1. e4 c5 2. Nc3 d6 3. g3 g6 4. Bg2 Bg7 5. d3 Nc6 6. f4 e6 7. Nf3 Nge7 8. O-O
Nd4 9. Ne2 Nec6 10. c3 Nxf3+ 11. Bxf3 Bd7 12. Be3 b6 13. g4 e5 14. f5 Bf6 15.
Qd2 Bh4 16. Kh1 b5 17. Bh6 Be7 18. Be3 b4 19. d4 bxc3 20. bxc3 cxd4 21. cxd4
Qa5 22. Qxa5 Nxa5 23. dxe5 dxe5 24. Nc3 Nc4 25. Bh6 Rc8 26. Nd5 f6 27. Bg7 Rg8
28. Bxf6 Bd6 29. Bh4 Kf7 30. Rf2 g5 31. Bg3 Rc5 32. Rb1 Bc6 33. Re2 Rb5 34.
Rxb5 Bxb5 35. Rb2 Nxb2 0-1

[Event "XXXI Moglianoscacchi B"]
[Site "Mogliano Veneto ITA"]
[Date "2010.05.02"]
[Round "5"]
[White "Coppo, Gianni"]
[Black "Velluti, Alberto"]
[Result "1-0"]
[WhiteElo "1698"]
[BlackElo "1932"]
[PlyCount "51"]
[EventDate "2010.04.30"]

1. e4 e5 2. Nf3 Nc6 3. Bb5 a6 4. Ba4 Nf6 5. O-O Be7 6. Re1 b5 7. Bb3 O-O 8. a4
Bb7 9. c3 d6 10. d4 exd4 11. cxd4 h6 12. Nbd2 Qb8 13. Nf1 Na5 14. Bc2 c5 15.
Ng3 Bc8 16. e5 dxe5 17. dxe5 Rd8 18. Qe2 Nd5 19. Qe4 g6 20. Bxh6 Nb4 21. Bb1
Nb3 22. Ng5 Qb7 23. Qf4 Bxg5 24. Qxg5 Qb6 25. e6 Qxe6 26. Qxd8+ 1-0

[Event "XXXI Moglianoscacchi B"]
[Site "Mogliano Veneto ITA"]
[Date "2010.05.02"]
[Round "5"]
[White "Della Sala, Bruno"]
[Black "Pasqualetto, Lorenzo"]
[Result "0-1"]
[WhiteElo "1740"]
[BlackElo "1651"]
[PlyCount "52"]
[EventDate "2010.04.30"]

1. d4 d5 2. c4 c6 3. Nc3 Nf6 4. Nf3 e6 5. Bg5 dxc4 6. e4 b5 7. e5 h6 8. Bh4 g5
9. exf6 gxh4 10. Ne5 Qxf6 11. Ne4 Bb4+ 12. Nc3 Nd7 13. Nxc6 Bxc3+ 14. bxc3 Bb7
15. Nb4 Rg8 16. f3 h3 17. Kf2 hxg2 18. Bxg2 Qh4+ 19. Kf1 O-O-O 20. a4 Rxg2 21.
Kxg2 Rg8+ 22. Kf1 Qh3+ 23. Kf2 Rg2+ 24. Ke3 Nf6 25. Rg1 Ng4+ 26. Kf4 Qxh2# 0-1

[Event "XXXI Moglianoscacchi B"]
[Site "Mogliano Veneto ITA"]
[Date "2010.05.02"]
[Round "5"]
[White "Franciosi, Claudio"]
[Black "Zordan, Antonio"]
[Result "0-1"]
[WhiteElo "1697"]
[BlackElo "1777"]
[PlyCount "70"]
[EventDate "2010.04.30"]

1. e4 e5 2. Nf3 Nc6 3. Bb5 a6 4. Ba4 b5 5. Bb3 Bc5 6. O-O Nf6 7. c3 Bb6 8. Re1
O-O 9. d4 d6 10. h3 Qe7 11. Bg5 h6 12. Bxf6 Qxf6 13. Bd5 Bb7 14. dxe5 dxe5 15.
Nbd2 Rad8 16. Qe2 Na5 17. Bxb7 Nxb7 18. b4 c5 19. a4 cxb4 20. axb5 bxc3 21. Nc4
axb5 22. Nxb6 Qxb6 23. Nxe5 Rd2 24. Qg4 Qxf2+ 25. Kh1 b4 26. Rf1 Qe2 27. Qg3
Qxe4 28. Nxf7 Rxf7 29. Ra8+ Nd8 30. Rxf7 Kxf7 31. Qc7+ Qe7 32. Qc4+ Kf8 33.
Qf4+ Kg8 34. Rb8 Rd1+ 35. Kh2 Qd6 0-1

[Event "XXXI Moglianoscacchi B"]
[Site "Mogliano Veneto ITA"]
[Date "2010.05.02"]
[Round "5"]
[White "Gigovski, Gjoko"]
[Black "Pozzobon, Davide"]
[Result "1-0"]
[WhiteElo "1902"]
[BlackElo "1770"]
[PlyCount "53"]
[EventDate "2010.04.30"]

1. d4 Nf6 2. Nf3 d6 3. Bf4 Nbd7 4. e3 e6 5. c3 Be7 6. Bd3 b6 7. Qc2 Bb7 8. Nbd2
c5 9. O-O Qc7 10. Rac1 O-O-O 11. b4 Nd5 12. bxc5 bxc5 13. Bg3 h5 14. e4 N5b6
15. a4 g5 16. h4 gxh4 17. Nxh4 Rdg8 18. a5 Na8 19. Nc4 Qd8 20. Nf3 Nf6 21. dxc5
d5 22. exd5 Bxd5 23. Nce5 Qf8 24. Ba6+ Kd8 25. Rb1 Qg7 26. Rb8+ Kc7 27. Ng6+
1-0

[Event "XXXI Moglianoscacchi B"]
[Site "Mogliano Veneto ITA"]
[Date "2010.05.02"]
[Round "5"]
[White "Gioga, Michele"]
[Black "Gennari, Jacopo"]
[Result "1-0"]
[WhiteElo "1676"]
[BlackElo "1724"]
[PlyCount "105"]
[EventDate "2010.04.30"]

1. e4 d5 2. exd5 Qxd5 3. Nc3 Qd6 4. d4 g6 5. Nf3 Bg7 6. Be3 Bg4 7. Be2 Nc6 8.
Bb5 a6 9. Bxc6+ Qxc6 10. Qe2 Nf6 11. O-O-O Bxf3 12. gxf3 O-O 13. d5 Qd7 14. Qd2
Qh3 15. Rdg1 Qxf3 16. h4 Rad8 17. Bh6 Bxh6 18. Qxh6 Qxf2 19. h5 Qf5 20. hxg6
fxg6 21. Rf1 Qxf1+ 22. Rxf1 Ng4 23. Rxf8+ Rxf8 24. Qg5 Nf6 25. b3 Kg7 26. Qe5
Rf7 27. Qxc7 e6 28. Qe5 exd5 29. Nxd5 h5 30. Nf4 Kh6 31. Nh3 Nh7 32. Qe8 Rf3
33. Qd7 Nf6 34. Qc8 g5 35. Qh8+ Kg6 36. Nxg5 Kxg5 37. Qg7+ Kf5 38. Qxb7 Rf2 39.
Qxa6 h4 40. Qd3+ Kg4 41. Qg6+ Kh3 42. a4 Ng4 43. a5 Kg3 44. a6 h3 45. a7 Rf8
46. Qd6+ Rf4 47. a8=Q h2 48. Qd3+ Kf2 49. Qa7+ Kg2 50. Qe2+ Rf2 51. Qb7+ Kg1
52. Qxg4+ Kf1 53. Qh1# 1-0

[Event "XXXI Moglianoscacchi B"]
[Site "Mogliano Veneto ITA"]
[Date "2010.05.02"]
[Round "5"]
[White "Losso, Agostino"]
[Black "Viviani, Bruno"]
[Result "1-0"]
[WhiteElo "1794"]
[BlackElo "1698"]
[PlyCount "46"]
[EventDate "2010.04.30"]

1. e4 Nf6 2. d3 d6 3. g3 Bg4 4. Ne2 g6 5. Bg2 Bg7 6. O-O Qc8 7. f4 c5 8. c3 Nc6
9. Nd2 b5 10. Nf3 O-O 11. e5 Bxf3 12. Bxf3 dxe5 13. fxe5 Nd7 14. d4 Rd8 15. Qb3
e6 16. Qxb5 Ne7 17. Bxa8 Qxa8 18. Bg5 f6 19. exf6 Nxf6 20. Bxf6 Bxf6 21. Rxf6
Nd5 22. Rf2 Rf8 23. Rxf8+ Kxf8 1-0

[Event "XXXI Moglianoscacchi B"]
[Site "Mogliano Veneto ITA"]
[Date "2010.05.02"]
[Round "5"]
[White "Lucich, Gianni"]
[Black "Fracasso Pezzolato, Michele"]
[Result "1/2-1/2"]
[WhiteElo "1496"]
[BlackElo "1779"]
[PlyCount "44"]
[EventDate "2010.04.30"]

1. d4 Nf6 2. c4 g6 3. Nc3 Bg7 4. e4 d6 5. Nf3 O-O 6. Be2 c6 7. O-O e5 8. Be3
Ne8 9. Qd2 Nd7 10. Bh6 Qe7 11. b4 f5 12. Bxg7 Nxg7 13. d5 c5 14. b5 b6 15. Qh6
f4 16. Ng5 Nf6 17. Rad1 Ngh5 18. h3 Kh8 19. Bxh5 Nxh5 20. Rd3 Qg7 21. Qxg7+
Kxg7 22. Rfd1 Rf6 1/2-1/2

[Event "XXXI Moglianoscacchi B"]
[Site "Mogliano Veneto ITA"]
[Date "2010.05.02"]
[Round "5"]
[White "Maddaloni, Giovanni"]
[Black "Bortolussi, Andrea"]
[Result "0-1"]
[WhiteElo "1776"]
[BlackElo "1914"]
[PlyCount "70"]
[EventDate "2010.04.30"]

1. e4 e5 2. Nf3 Nf6 3. Nxe5 d6 4. Nf3 Nxe4 5. Nc3 Nxc3 6. dxc3 Be7 7. Be3 Bg4
8. Qd2 Nc6 9. O-O-O Qd7 10. Kb1 a6 11. Re1 Bxf3 12. gxf3 O-O-O 13. f4 Kb8 14.
Bg2 Rde8 15. Qd5 Bf6 16. h4 Nd8 17. Qb3 Qb5 18. Qa3 Nc6 19. Rd1 Na5 20. Bd5 Nc4
21. Bxc4 Qxc4 22. Rd3 Qc6 23. Rhd1 Bxh4 24. c4 Bf6 25. Qb4 Re4 26. b3 Rhe8 27.
a4 h5 28. Qd2 h4 29. c3 h3 30. f3 R4e7 31. Qf2 h2 32. c5 d5 33. Rh1 Qd7 34. c6
Qf5 35. Ba7+ Ka8 0-1